Wszystkie miejscowości gminy Wyrzysk - Statystyki

Ogólne statystyki
  • Ten quiz został rozwiązany 5 razy
  • Średni wynik to 15 z 32
Statystyki odpowiedzi
Hint Odpowiedź % Poprawnych
Sołectwo Gromadno
100%
Miasto Wyrzysk
100%
Osada Anusin
80%
Sołectwo Dobrzyniewo
80%
Sołectwo Karolewo-Wiernowo
80%
Sołectwo Osiek nad Notecią
80%
Osada Bagdad
60%
Sołectwo Bąkowo
60%
Sołectwo Dąbki
60%
Sołectwo Falmierowo
60%
Sołectwo Glesno
60%
Sołectwo Kościerzyn Wielki
60%
Sołectwo Kosztowo
60%
Sołectwo Młotkówko
60%
Sołectwo Polanowo
60%
Osada Polinowo
60%
Osada Leśna Zielona Góra
60%
Sołectwo Auguścin
40%
Sołectwo Konstantynowo
40%
Sołectwo Ruda
40%
Sołectwo Rzęszkowo
40%
Osada Komorowo
20%
Osada Ostrówek
20%
Osada Wyciąg
20%
Sołectwo Wyrzysk Skarbowy
20%
Wieś Żelazno
20%
Sołectwo Żuławka
20%
Osada Bielawy Nowe
0%
Wieś Gleszczonek
0%
Osada Klawek
0%
Osada Marynka
0%
Osada Masłowo
0%
Nie znaleziono quizów pasujących do podanych kryteriów
Rozkład punktacji
Procent ludzi z każdym wynikiem
Percentyl według liczby udzielonych odpowiedzi
Twoja historia wyników
Nie rozwiązałeś tego quizu